| 000 | 00695cam a2200217 4500 | ||
|---|---|---|---|
| 001 | BIIH002254 | ||
| 008 | 1995 spa | ||
| 020 | _a968-810-511-2 | ||
| 035 | _aBIIH002254 | ||
| 050 | 4 |
_aJC327 _bV34 1995 |
|
| 100 | 1 | _aVallarta , Ignacio L. | |
| 245 | 0 |
_aReflexiones sobre la soberanía nacional / _cIgnacio L. Vallarta ; Sergio González Gálvez, César Pérez Saavedra. |
|
| 260 |
_aMéxico : _bSRE, _c1995 |
||
| 300 |
_a125 p. ; _c23 cm. |
||
| 440 | 0 | _aArchivo Histórico Diplomático Mexicano | |
| 500 | _a1 ejemplar | ||
| 650 | 4 | _aSoberanía | |
| 700 | 1 |
_aGonzález Gálvez, Sergio, _ecomp. |
|
| 700 | 1 | _aPérez Saavedra, César, coomp. | |
| 942 |
_2lcc _cLIB |
||
| 999 |
_c68316 _d68316 |
||